000 01583cam a2200409 i 4500
999 _c5396
_d5396
001 23315973
003 OSt
005 20250910095928.0
008 230913s2023 nyu d 000 1 eng
010 _a 2023036759
020 _a9781398529489
035 _a23315973
040 _aDLC
_beng
_erda
_cDLC
_dDLC
_dKH8
082 _aFIC ROB
100 1 _aRoberts, Lauren,
_d2002-
_eauthor.
245 1 0 _aPowerless /
_cLauren Roberts.
250 _aFirst edition.
264 1 _aNew York :
_bSimon & Schuster Books for Young Readers,
_c2023.
300 _a502 pages ;
_c20 cm.
336 _atext
_btxt
_2rdacontent
337 _aunmediated
_bn
_2rdamedia
338 _avolume
_bnc
_2rdacarrier
490 0 _aPowerless
520 _aIn a kingdom divided by extraordinary powers and a strict caste system, Paedyn Gray, a young girl with no abilities, must hide her ordinary nature as she navigates a forbidden romance with a powerful prince and must participate in the perilous Purging Trials that could reveal her true identity.
521 _aAges 14 up.
_bSimon & Schuster Books for Young Readers.
521 _aGrades 10-12.
_bSimon & Schuster Books for Young Readers.
650 1 _aFantasy.
650 1 _aInterpersonal relations
_vFiction.
650 1 _aContests
_vFiction.
650 1 _aSurvival
_vFiction.
650 1 _aAbility
_vFiction.
650 7 _aYOUNG ADULT FICTION / Fantasy / Romance
_2bisacsh
650 7 _aYOUNG ADULT FICTION / Social Themes / Class Differences
_2bisacsh
655 7 _aFantasy fiction.
_2lcgft
655 7 _aNovels.
_2lcgft
942 _2ddc
_cFIC